000 01283nam a2200325 a 4500
001 ebr10639791
003 CaPaEBR
006 m u
007 cr cn|||||||||
008 130108s2011 wlkabc sb 011 0 eng d
020 _z9780708324462
020 _z9780708324479 (e-book)
040 _aCaPaEBR
_cCaPaEBR
035 _a(OCoLC)842859733
043 _ae-uk-wl
050 1 4 _aDA715
_b.W35 2011eb
245 0 0 _aWales and the Welsh in the Middle Ages
_h[electronic resource] :
_bessays presented to J. Beverley Smith /
_cedited by R.A. Griffiths and P.R. Schofield.
260 _aCardiff :
_bUniversity of Wales Press,
_c2011.
300 _axvii, 252 p. :
_bill., maps, port.
504 _aIncludes bibliographical references and index.
533 _aElectronic reproduction.
_bPalo Alto, Calif. :
_cebrary,
_d2013.
_nAvailable via World Wide Web.
_nAccess may be limited to ebrary affiliated libraries.
650 0 _aWelsh
_xHistory.
651 0 _aWales
_xHistory.
655 7 _aElectronic books.
_2local
700 1 _aSmith, J. Beverley.
700 1 _aGriffiths, R. A.
700 1 _aSchofield, P. R.
710 2 _aebrary, Inc.
856 4 0 _uhttp://site.ebrary.com/lib/rucke/Doc?id=10639791
_zAn electronic book accessible through the World Wide Web; click to view
999 _c48368
_d48368